000 00398nam a22001697a 4500
003 SGT
020 _a9780323834346
082 _a615.32
_bF24H
100 _aHEINRICH,MICHEAL
245 _aFUNDAMENTAL OF PHARMACOGNOSY & PHYTOTHERAPY
250 _a4TH
260 _aUSA
_bELSEVIER
_c2024
300 _a272
650 _aPHARMACOGNOSY
653 _aPHARMACOGNOSY , PHYTOTHERAPY
942 _2ddc
_cBK
999 _c26449
_d26449